Las pinturas murales de las iglesias asturianas prerrománicas / (Record no. 33240)

MARC details
000 -LEADER
campo de control de longitud fija 00728nam a2200205 i 4500
001 - NÚMERO DE CONTROL
campo de control 33240
003 - IDENTIFICADOR DE NÚMERO DE CONTROL
campo de control ES-MaACL
005 - FECHA Y HORA DE LA ÚLTIMA TRANSACCIÓN
campo de control 20250815144258.0
007 - CAMPO FIJO DE DESCRIPCIÓN FÍSICA--INFORMACIÓN GENERAL
campo de control de longitud fija t|
008 - DATOS DE LONGITUD FIJA--INFORMACIÓN GENERAL
campo de control de longitud fija 030201s1964 sp aefo |||| | spa d
100 1# - ENTRADA PRINCIPAL--NOMBRE DE PERSONA
Nombre de persona Berenguer, Magín (
Fechas asociadas al nombre 1918-2000)
9 (RLIN) 27888
245 14 - MENCIÓN DEL TÍTULO
Título Las pinturas murales de las iglesias asturianas prerrománicas /
Mención de responsabilidad, etc. Magín Berenguer Alonso.
260 ## - PUBLICACIÓN, DISTRIBUCIÓN, ETC.
Lugar de publicación, distribución, etc. Oviedo :
Nombre del editor, distribuidor, etc. Instituto de Estudios Asturianos,
Fecha de publicación, distribución, etc. 1964.
300 ## - DESCRIPCIÓN FÍSICA
Extensión 47 p., [9] p. de lám. ;
Dimensiones 25 cm.
650 #7 - PUNTO DE ACCESO ADICIONAL DE MATERIA--TÉRMINO DE MATERIA
Término de materia o nombre geográfico como elemento de entrada Pintura mural prerrománica
Fuente del encabezamiento o término embne
9 (RLIN) 144509
650 #4 - PUNTO DE ACCESO ADICIONAL DE MATERIA--TÉRMINO DE MATERIA
Término de materia o nombre geográfico como elemento de entrada Arte prerrománico-
Subdivisión geográfica Asturias (Comunidad Autónoma)
9 (RLIN) 10276
710 2# - ENTRADA AGREGADA--NOMBRE DE ENTIDAD CORPORATIVA
Nombre de entidad corporativa o nombre de jurisdicción como elemento de entrada Instituto de Estudios Asturianos.
9 (RLIN) 4889
852 ## - LOCALIZACIÓN
Ubicación ES-MaACL
Número de control de estantería C-26332
Holdings
Estatus retirado Estado de pérdida Estado de daño No para préstamo Biblioteca de origen Biblioteca actual Ubicación en estantería Fecha de adquisición Fuente de adquisición Total de préstamos Signatura topográfica completa Código de barras Visto por última vez Precio de reemplazo Tipo de ítem Koha
        Biblioteca del Ateneo de Madrid Biblioteca del Ateneo de Madrid Depósito 2 17/01/2008     C-26332 1034562 23/02/2023 23/02/2023 Libro impreso